Top 5 des 5 monuments du cyclisme en 2022 - Statistiques

Statistiques générales
  • Ce quiz a été pris 1 213 fois
  • Le résultat moyen est 19 sur 25
Statistiques - réponses
Equipe Pays Place Coureurs % Correct
Alpecin-Fenix Pays-Bas 3eme Mathieu Van der Poel
95%
Bahrain-Victorious Slovènie 1er Matej Mohoric
94%
Alpecin-Fenix Pays-Bas 1er Mathieu Van der Poel
94%
UAE Team Emirates Slovènie 5eme Tadej Pogacar
94%
UAE Team Emirates Slovènie 4eme Tadej Pogacar
94%
Jumbo-Visma Belgique 2eme Wout Van Aert
93%
Groupama-FDJ Suisse 5eme Stefan Küng
90%
Groupama-FDJ Suisse 3eme Stefan Küng
90%
UAE Team Emirates Slovènie 1er Tadej Pogacar
90%
Jumbo-Visma Belgique 3eme Wout Van Aert
89%
Bahrain-Victorious Slovènie 5eme Matej Mohoric
87%
Quick-Step Alpha Vinyl Belgique 1er Remco Evenepoel
87%
Groupama-FDJ France 3eme Valentin Madouas
85%
Ineos-Grenadiers Pays-Bas 1er Dylan Van Baarle
84%
Ineos-Grenadiers Pays-Bas 2eme Dylan Van Baarle
82%
TotalEnergies France 2eme Anthony Turgis
80%
Movistar Espagne 2eme Enric Mas
79%
Team Bikeexchange Australie 4eme Michael Matthews
73%
Ineos-Grenadiers Espagne 5eme Carlos Rodriguez
62%
Bahrain-Victorious Espagne 3eme Mikel Landa
61%
Bora-Hansgrohe Colombie 5eme Sergio Higuita
59%
Ineos-Grenadiers Colombie 4eme Daniel Martinez
58%
Bora-Hansgrohe Colombie 4eme Sergio Higuita
58%
Intermarché-Wanty-Gobert Matériaux Belgique 2eme Quinten Hermans
40%
Intermarché-Wanty-Gobert Matériaux Belgique 4eme Tom Devriendt
20%
Aucun quiz correspondant
Distribution des résultats
% des personnes avec chaque résultat
Percentile par nombre de réponses
Votre historique - résultats
Vous n’avez pas pris ce quiz